| 000 | 00596nam a2200193Ia 4500 | ||
|---|---|---|---|
| 003 | OSt | ||
| 005 | 20250130110759.0 | ||
| 008 | 210719s2005 xx 000 0 und d | ||
| 040 | _cAL | ||
| 041 | _aKannada | ||
| 082 | _aK894.1 NARM | ||
| 100 |
_aNARAYANA PUJARI (T) _dನಾರಾಯಣ ಟಿ ಪೂಜಾರಿ _9196200 |
||
| 245 |
_aManakadidaga ede hadiddu. _bಮನಕಾಡಿದಾಗ ಎದೆ ಹಾಡಿದ್ದು. |
||
| 260 |
_aKinnigoli _bYugapurusha Prakatanalaya _c2005 |
||
| 300 |
_axiv,40 _bPB |
||
| 365 |
_b30 _cRs |
||
| 650 |
_aKannada Poetry _9196201 |
||
| 942 |
_2ddc _cBK |
||
| 999 |
_c213918 _d213918 |
||